Design of Steel Structures (Record no. 6529)
[ view plain ]
| 000 -LEADER | |
|---|---|
| fixed length control field | 00304nam a2200133Ia 4500 |
| 003 - CONTROL NUMBER IDENTIFIER | |
| control field | OSt |
| 008 - FIXED-LENGTH DATA ELEMENTS--GENERAL INFORMATION | |
| fixed length control field | 191201s2014 xx 000 0 und d |
| 100 ## - MAIN ENTRY--PERSONAL NAME | |
| Personal name | DUGGAL, S.K. |
| 245 #0 - TITLE STATEMENT | |
| Title | Design of Steel Structures |
| 260 ## - PUBLICATION, DISTRIBUTION, ETC. (IMPRINT) | |
| Place of publication, distribution, etc | N. delhi |
| Name of publisher, distributor, etc | TMH |
| Date of publication, distribution, etc | 2014 |
| 300 ## - PHYSICAL DESCRIPTION | |
| Extent | 839 |
| 650 ## - SUBJECT ADDED ENTRY--TOPICAL TERM | |
| Topical term or geographic name as entry element | B.Tech(CE) |
| 942 ## - ADDED ENTRY ELEMENTS (KOHA) | |
| Source of classification or shelving scheme | Dewey Decimal Classification |
| Koha item type | Text Books |
| 942 ## - ADDED ENTRY ELEMENTS (KOHA) | |
| -- | 7 |
| Withdrawn status | Lost status | Source of classification or shelving scheme | Damaged status | Not for loan | Collection code | Home library | Current library | Date acquired | Source of acquisition | Cost, normal purchase price | Bill Number | Total Checkouts | Full call number | Acc. no. / Barcode | Date last seen | Date last borrowed | Actual Cost, discounted price | Bill Date | Koha item type | Checked out |
|---|---|---|---|---|---|---|---|---|---|---|---|---|---|---|---|---|---|---|---|---|
| Dewey Decimal Classification | B.Tech(CE) | PIET C-LIBRARY | PIET C-LIBRARY | 15/06/2016 | TMH | 599.00 | TCM/2016/10403 | 20 | 624.1821 DUD | 28325 | 25/05/2026 | 18/05/2026 | 122.44 | 13/06/2016 | Text Books | |||||
| Dewey Decimal Classification | B.Tech(CE) | PIET C-LIBRARY | PIET C-LIBRARY | 15/06/2016 | TMH | 599.00 | TCM/2016/10403 | 7 | 624.1821 DUD | 28326 | 23/03/2026 | 06/03/2026 | 122.44 | 13/06/2016 | Text Books | |||||
| Dewey Decimal Classification | B.Tech(CE) | PIET C-LIBRARY | PIET C-LIBRARY | 15/06/2016 | TMH | 599.00 | TCM/2016/10403 | 10 | 624.1821 DUD | 28327 | 14/05/2026 | 30/04/2026 | 122.44 | 13/06/2016 | Text Books | |||||
| Dewey Decimal Classification | B.Tech(CE) | PIET C-LIBRARY | PIET C-LIBRARY | 15/06/2016 | TMH | 599.00 | TCM/2016/10403 | 1 | 28328 | 06/11/2020 | 06/11/2020 | 122.44 | 13/06/2016 | Text Books | 20/11/2020 |